Activités vitaminiques et technologie des denrées alimentaires, (Record no. 15362)

000 -LEADER
fixed length control field 00556cam a22001451 4500
040 ## - CATALOGING SOURCE
Transcribing agency FTaSU
082 ## - DEWEY DECIMAL CLASSIFICATION NUMBER
Classification number 641 641 EDI 1970 A076 Or.
245 00 - TITLE STATEMENT
Title Activités vitaminiques et technologie des denrées alimentaires,
260 ## - PUBLICATION, DISTRIBUTION, ETC. (IMPRINT)
Place of publication [Paris,
Name of publisher Éditions du Centre national de la recherche scientifique,
Year of publication 1970]
300 ## - PHYSICAL DESCRIPTION
Number of Pages 551 p.
Other physical details illus.
Dimensions 24 cm.
490 1# - SERIES STATEMENT
Series statement Les Journées scientifiques du Centre national de coordination des études et recherches sur la nutrition et l'alimentation,
650 #0 - SUBJECT ADDED ENTRY--TOPICAL TERM
Topical Term Vitamins
650 #0 - SUBJECT ADDED ENTRY--TOPICAL TERM
Topical Term Food industry and trade
942 ## - ADDED ENTRY ELEMENTS (KOHA)
Koha item type សៀវភៅភាសាអង់គ្លេស
952 ## - LOCATION AND ITEM INFORMATION (KOHA)
Withdrawn status [LOCAL, KOHA] 0
Holdings
Permanent Location Date acquired Koha item type Lost status Shelving location Barcode Current Location Full call number
Library Block A2017-11-20សៀវភៅភាសាអង់គ្លេស A076A07793Library Block A641 641 EDI 1970 A076 Or.
មជ្ឈមណ្ឌលឯការនៃសាកលវិទ្យាល័យភូមិន្ទកសិកម្មចំការដូង

Powered by Koha